000 00837nam a22002537a 4500
003 UA-OsUOA
001 22987
007 ta
008 20040105b un ||||| |||| 00| 0 ukr d
100 _aСуттнер Ернст Крістоф
090 _a26 (091)(477)
_bС90
942 _cBK
040 _aUA-OsUOA
_bukr
_cUA-OsUOA
_dUA-OsUOA
245 _aУкраїнське християнство на початку ІІІ-го тисячоліття
_bІсторичний досвід та еклезіологічні перспективи
_cЕ. К. Суттнер; Пер. О. ТурійПер. О.Турій
300 _a168 с.
955 _a0
041 _aukr
080 _a26 (091)(477)
020 _a966-561-238-7
260 _aЛьвів
_bСвічадо
_c2001
044 _aUA
650 7 _2UDC
999 _c309221
_d309221